[Event "SVK-ch U12"]
[Site "Brezova pod Bradlom"]
[Date "2006.03.08"]
[Round "6"]
[White "Sosovicka, Juraj"]
[Black "Sipos, Nikolas"]
[Result "1-0"]
[WhiteElo "1696"]
[BlackElo "1350"]
[PlyCount "67"]
[EventDate "2006.03.05"]
[EventType "swiss"]
[EventRounds "9"]
[EventCountry "SVK"]
[SourceTitle "EXT 2008"]
[Source "ChessBase"]
[SourceDate "2007.11.25"]
[SourceVersion "1"]
[SourceVersionDate "2007.11.25"]
[SourceQuality "1"]

1. e4 e6 2. d4 d5 3. Nd2 c5 4. exd5 exd5 5. Ngf3 Nf6 6. c3 Bg4 7. h3 Bh5 8. Nb3 c4 9. Nbd2 Bd6 10. Be2 0-0 11. 0-0 Nbd7 12. Re1 Re8 13. Nf1 Qe7 14. Bg5 Qd8 15. Ne3 Nb6 16. Qd2 Be7 17. Nf5 h6 18. Nxe7+ Qxe7 19. Bf4 Ne4 20. Qd1 Rac8 21. Ne5 Bxe2 22. Rxe2 Nd7 23. Ng4 Qd8 24. f3 Nef6 25. Ne5 a6 26. Qd2 b5 27. Rae1 Nf8 28. Bh2 Ng6 29. Nxg6 fxg6 30. Rxe8+ Nxe8 31. Qe3 Kh7 32. Qe6 a5 33. Qe7 Qxe7 34. Rxe7 1-0

[Event "SVK-ch U12"]
[Site "Brezova pod Bradlom"]
[Date "2006.03.07"]
[Round "4"]
[White "Sipos, Nikolas"]
[Black "Danada, Tomas"]
[Result "1-0"]
[WhiteElo "1350"]
[BlackElo "1375"]
[PlyCount "71"]
[EventDate "2006.03.05"]
[EventType "swiss"]
[EventRounds "9"]
[EventCountry "SVK"]
[SourceTitle "EXT 2008"]
[Source "ChessBase"]
[SourceDate "2007.11.25"]
[SourceVersion "1"]
[SourceVersionDate "2007.11.25"]
[SourceQuality "1"]

1. e4 d6 2. d4 Nf6 3. Nc3 g6 4. Nf3 Bg7 5. Bc4 0-0 6. 0-0 Bg4 7. Be2 Nbd7 8. Bd2 c6 9. Qc1 Re8 10. h3 Bxf3 11. Bxf3 c5 12. d5 Ne5 13. Be2 Qb6 14. Kh1 Nfd7 15. f4 e6 16. fxe5 exd5 17. Nxd5 Qc6 18. Bg5 Bxe5 19. Ne7+ Rxe7 20. Bxe7 Qxe4 21. Bf3 Qb4 22. c3 Qb6 23. Bg5 Bf6 24. Bxf6 Nxf6 25. Bxb7 Qxb7 26. Rxf6 Qe7 27. Qg5 Re8 28. Qf4 Kg7 29. Rf1 Rf8 30. Qxd6 Qxd6 31. Rxd6 Rb8 32. Rf2 Re8 33. Kh2 Re1 34. Rd7 Ra1 35. Rfxf7+ Kh8 36. Rxa7 1-0

[Event "SVK-ch U12"]
[Site "Brezova pod Bradlom"]
[Date "2006.03.06"]
[Round "3"]
[White "Kantor, Tomas1"]
[Black "Sipos, Nikolas"]
[Result "0-1"]
[WhiteElo "1416"]
[BlackElo "1350"]
[PlyCount "56"]
[EventDate "2006.03.05"]
[EventType "swiss"]
[EventRounds "9"]
[EventCountry "SVK"]
[SourceTitle "EXT 2008"]
[Source "ChessBase"]
[SourceDate "2007.11.25"]
[SourceVersion "1"]
[SourceVersionDate "2007.11.25"]
[SourceQuality "1"]

1. e4 e5 2. b3 c5 3. Bb2 Nc6 4. Nf3 Qc7 5. Bb5 Nd4 6. Nc3 a6 7. Bc4 b5 8. Bd5 Rb8 9. 0-0 Nf6 10. d3 Be7 11. Ng5 0-0 12. Nf3 Bb7 13. Bxb7 Rxb7 14. Re1 d6 15. Nd5 Nxf3+ 16. Qxf3 Nxd5 17. exd5 a5 18. Qg3 Qd8 19. f4 Bh4 20. Qe3 Bxe1 21. Rxe1 Re8 22. a4 b4 23. c4 Rbe7 24. Kf1 exf4 25. Qxf4 Rxe1+ 26. Kf2 R1e2+ 27. Kg3 Rxb2 28. Kh3 Rxb3 0-1